| 000 | 01177cam a2200313 a 4500 | ||
|---|---|---|---|
| 001 | 12639396 | ||
| 003 | EG-ScBUE | ||
| 005 | 20211220093427.0 | ||
| 008 | 020109s2002 enk f 000 1 eng d | ||
| 020 | _a9780007140671 | ||
| 020 | _a0007140673 | ||
| 040 |
_aDLC _beng _erda _cDLC _dDLC _dEG-ScBUE |
||
| 082 | 0 | 4 |
_a813.54 _bSCO _221 |
| 100 | 1 |
_aScottoline, Lisa, _eauthor. |
|
| 245 | 1 | 0 |
_aCourting trouble / _cLisa Scottoline. |
| 264 | 1 |
_aLondon : _bHarper Collins Publishers, _c2003. |
|
| 300 |
_a425 pages ; _c18 cm |
||
| 336 |
_2rdacontent _atext _btxt |
||
| 337 |
_2rdamedia _aunmediated _bn |
||
| 338 |
_2rdacarrier _avolume _bnc |
||
| 650 | 7 |
_aRosato & Associates (Imaginary organization) _vFiction. _2BUEsh |
|
| 650 | 7 |
_aWomen lawyers _vFiction. _2BUEsh |
|
| 651 | 7 |
_aPhiladelphia (Pa.) _vFiction. _2BUEsh |
|
| 653 |
_bHHUUEENN _cDecember2021 |
||
| 655 | 7 |
_aLegal stories. _2gsafd _vReading book |
|
| 856 | 4 | 2 | _uhttp://www.loc.gov/catdir/description/hc042/2002017343.html |
| 942 |
_2ddc _cBB |
||
| 999 |
_c10478 _d10478 |
||